Diccionario de las religiones
Saved in:
| Main Authors: | , |
|---|---|
| Format: | Bog |
| Sprog: | spansk |
| Udgivet: |
Barcelona
Paidós
1992
|
| Udgivelse: | 1a. ed |
| Serier: | Paidós Orientalia, 31
|
| Fag: | |
| Tags: |
Tilføj Tag
Ingen Tags, Vær først til at tagge denne postø!
|
MARC
| LEADER | 00000cam a2200000 a 4500 | ||
|---|---|---|---|
| 001 | UCD1103 | ||
| 003 | CL-VaPUC | ||
| 008 | 160107e19920000sp |||||||||||||||||spa|d | ||
| 020 | |a 8475097782 | ||
| 082 | 0 | 4 | |a 200.3 |b ELI |2 21 |
| 100 | 0 | |a Eliade, Mircea |e author |9 584201 | |
| 700 | 0 | |a Couliano, Ioan P |e author |9 584202 | |
| 245 | 1 | 0 | |a Diccionario de las religiones |
| 250 | |a 1a. ed | ||
| 300 | |a 327 p | ||
| 942 | |c BK | ||
| 945 | |d 20160107 17:53:00 |a dcastane | ||
| 260 | |a Barcelona |b Paidós |c 1992 | ||
| 650 | 0 | |a Religiones |9 265211 | |
| 650 | 0 | |a Diccionarios |9 256200 | |
| 650 | 0 | |a Cristianismo |9 257361 | |
| 650 | 7 | |a BUDISMO |2 CL-VaPUC |9 584203 | |
| 650 | 0 | |a Judaísmo |9 269348 | |
| 650 | 0 | |a Hinduismo |9 265212 | |
| 583 | |a last modification |c 20160107 17:53:00 |k Rodrigo Vera | ||
| 490 | 0 | |a Paidós Orientalia, 31 | |
| 999 | |c 362528 |d 362526 | ||
| 952 | |0 0 |1 0 |3 erb |4 0 |6 200_300000000000000_ELI_1992 |7 0 |8 F |9 473824 |a BIBTEO |b BIBTEO |i 5260396 |o 200.3 ELI 1992 |p 5260396 |r 2025-01-17 |w 2019-11-24 |y BK_F |z Catalogado en:20160107 |k ICR | ||